|
|
|
|
| LEADER |
01581nam a2200409Ia 4500 |
| 001 |
EBC3138306 |
| 003 |
MiAaPQ |
| 005 |
20200520144314.0 |
| 006 |
m o d | |
| 007 |
cr cn||||||||| |
| 008 |
120106s2012 nyua sb 001 0 eng d |
| 010 |
|
|
|z 2012000694
|
| 020 |
|
|
|z 0801450330
|
| 020 |
|
|
|z 9780801450334
|
| 020 |
|
|
|z 9780801464201
|
| 035 |
|
|
|a (MiAaPQ)EBC3138306
|
| 035 |
|
|
|a (Au-PeEL)EBL3138306
|
| 035 |
|
|
|a (CaPaEBR)ebr10545387
|
| 035 |
|
|
|a (CaONFJC)MIL681335
|
| 035 |
|
|
|a (OCoLC)922998185
|
| 040 |
|
|
|a MiAaPQ
|c MiAaPQ
|d MiAaPQ
|
| 050 |
|
4 |
|a HB3717 1837
|b .R63 2012
|
| 082 |
0 |
4 |
|a 330.973/057
|2 23
|
| 100 |
1 |
|
|a Roberts, Alasdair
|q (Alasdair Scott)
|
| 245 |
1 |
0 |
|a America's first Great Depression
|h [electronic resource] :
|b economic crisis and political disorder after the Panic of 1837 /
|c Alasdair Roberts.
|
| 260 |
|
|
|a Ithaca :
|b Cornell University Press,
|c 2012.
|
| 300 |
|
|
|a 255 p. :
|b ill.
|
| 504 |
|
|
|a Includes bibliographical references and index.
|
| 533 |
|
|
|a Electronic reproduction. Ann Arbor, MI : ProQuest, 2015. Available via World Wide Web. Access may be limited to ProQuest affiliated libraries.
|
| 650 |
|
0 |
|a Depressions
|y 1836-1837.
|
| 650 |
|
0 |
|a Depressions
|y 1847.
|
| 650 |
|
0 |
|a Financial crises
|z United States
|x History
|y 19th century.
|
| 651 |
|
0 |
|a United States
|x Economic conditions
|y To 1865.
|
| 651 |
|
0 |
|a United States
|x Politics and government
|y 1815-1861.
|
| 655 |
|
4 |
|a Electronic books.
|
| 710 |
2 |
|
|a ProQuest (Firm)
|
| 856 |
4 |
0 |
|u https://ebookcentral.proquest.com/lib/matrademy/detail.action?docID=3138306
|z Click to View
|